[Rezension von: Michelle Facos / Sharon L. Hirsh (Hrsg.), Art, culture and national identity in Fin-de-Siècle Europe]

Gespeichert in:
Bibliographische Detailangaben
Veröffentlicht in:Kunstform 5(2004), 4
VerfasserIn: Kepetzis, Ekaterini (VerfasserIn)
Dokumenttyp: Online-Ressource Aufsatz
Sprache:German
Veröffentlicht: 2004
Schlagwörter:
Online Zugang:kostenfrei
Bibliogr. Hinweis:Enthalten in: Kunstform
Rezension von: Art, culture, and national identity in fin-de-siècle Europe
Verantwortlich:rezensiert von Ekaterini Kepetzis
LEADER 01799caa a2200349 c 4500
001 1919525548
003 DE-627
005 20260419033825.0
007 cr uuu---uuuuu
008 250311s2004 xx |||||oo 00| ||ger c
035 |a (DE-627)1919525548 
035 |a (DE-599)KXP1919525548 
035 |a (OCoLC)1533739314 
040 |a DE-627  |b ger  |c DE-627  |e rda 
041 |a ger 
084 |a KUNST  |q DE-16  |2 fid 
100 1 |a Kepetzis, Ekaterini  |d 1970-  |e VerfasserIn  |0 (DE-588)115473920  |0 (DE-627)077274229  |0 (DE-576)177441216  |4 aut 
245 1 0 |a [Rezension von: Michelle Facos / Sharon L. Hirsh (Hrsg.), Art, culture and national identity in Fin-de-Siècle Europe]  |c rezensiert von Ekaterini Kepetzis 
264 1 |c 2004 
300 |b Illustrationen 
336 |a Text  |b txt  |2 rdacontent 
337 |a Computermedien  |b c  |2 rdamedia 
338 |a Online-Ressource  |b cr  |2 rdacarrier 
655 7 |a Rezension  |0 (DE-588)4049712-4  |0 (DE-627)106186019  |0 (DE-576)209083166  |2 gnd-content 
773 0 8 |i Enthalten in  |t Kunstform  |d München : Ludwig-Maximilians-Universität München, Institut für Kunstgeschichte, 2000  |g 5(2004), 4  |h Online-Ressource  |w (DE-627)382929004  |w (DE-600)2140180-9  |w (DE-576)281244731  |x 1618-7199  |7 nnas 
773 1 8 |g volume:5  |g year:2004  |g number:4 
787 0 8 |i Rezension von  |t Art, culture, and national identity in fin-de-siècle Europe  |b 1. publ.  |d Cambridge [u.a.] : Cambridge University Press, 2003  |h XV, 297 S  |w (DE-627)353556157  |w (DE-576)105687812  |z 0521815657 
856 4 0 |u https://www.arthistoricum.net/kunstform/rezension/ausgabe/2004/4/3660  |x Verlag  |z kostenfrei  |3 Volltext  |7 0 
951 |a AR 
994 |u https://www.arthistoricum.net/themen/rezensionen/kunstform/rezension/ausgabe/2004/4/3660 
991 |a Rezension (Monographie, Zeitschrift, Aufsatz) 
999 |a KXP-PPN1919525548  |e 4988424782